Top 25 Trading Partners - Switzerland - Statistics

General Stats
  • This quiz has been taken 60 times
  • The average score is 42 of 50
Answer Stats
Hint Answer % Correct
4th Place: 19,738 France
100%
5th Place: 19,853 France
100%
1st Place: 47,447 Germany
100%
1st Place: 57,788 Germany
100%
2nd Place: 40,959 United States of America
98%
4th Place: 21,250 United States of America
98%
6th Place: 16,581 Italy
96%
3rd Place: 21,283 Italy
96%
10th Place: 7,631 Austria
95%
9th Place: 8,480 Austria
95%
3rd Place: 30,260 China
95%
6th Place: 14,757 China
95%
22nd Place: 2,577 Russia
95%
7th Place: 10,640 United Kingdom
93%
2nd Place: 26,549 United Kingdom
93%
15th Place: 3,893 Canada
91%
22nd Place: 1,930 Canada
91%
9th Place: 7,940 Japan
91%
13th Place: 4,763 Japan
91%
8th Place: 8,190 Netherlands
91%
11th Place: 5,524 Netherlands
91%
20th Place: 2,760 Poland
91%
18th Place: 2,450 Poland
91%
11th Place: 6,920 Spain
91%
10th Place: 5,687 Spain
91%
21st Place: 2,677 Brazil
89%
25th Place: 1,717 Brazil
89%
5th Place: 17,837 India
89%
23rd Place: 1,873 India
89%
18th Place: 2,851 Turkey
89%
19th Place: 2,437 Turkey
89%
19th Place: 2,807 Australia
88%
14th Place: 4,487 Belgium
88%
12th Place: 5,174 Belgium
88%
17th Place: 3,596 South Korea
88%
24th Place: 1,824 Sweden
88%
25th Place: 1,771 Czech Republic
77%
16th Place: 2,633 Czech Republic
77%
8th Place: 8,799 Ireland
75%
13th Place: 4,930 United Arab Emirates
73%
7th Place: 10,350 United Arab Emirates
73%
24th Place: 1,985 Saudi Arabia
71%
20th Place: 2,312 South Africa
71%
12th Place: 6,815 Singapore
70%
14th Place: 2,734 Singapore
70%
16th Place: 3,852 Thailand
64%
15th Place: 2,656 Thailand
64%
23rd Place: 2,368 Malaysia
54%
21st Place: 2,308 Peru
29%
17th Place: 2,480 Uzbekistan
0%
No matching quizzes found
Score Distribution
Percent of People with Each Score
Percentile by Number Answered
Your Score History
You have not taken this quiz